000 01485nam a2200289Ia 4500
999 _c53513
_d53513
001 20559
003 GE_BSU
005 20210219223924.0
008 181216s2013||||ge |||||||||||||| ||geo||
020 _a9789941132872
040 _cGE_BSU
041 _ageo
080 _a551.1(042.4) ზ-76
245 _aზოგადი დედამიწისმცოდნეობა :
_bსალექციო კურსი /
_cრამინ გობეჯიშვილი, ემინ წერეთელი [და სხვ.] ; რედ. : რამინ გობეჯიშვილი, ემილ წერეთელი.
264 _aთბილისი :
_bთბილ. უნ-ტის გამ-ბა,
_c2013.
300 _a308 გვ. :
_b სურ., ცხრ. ;
_c25 სმ.
500 _a ტერმინების განმარტებანი : გვ. 279-300
504 _aბიბლიოგრ. : გვ. 305-307
541 _h24 ლ.
653 _aგეოგრაფია
653 _aზოგადი დედამიწისმცოდნეობა
653 _aსალექციო კურსი
700 _aგობეჯიშვილი, რამინ
_eავტორი
_910151
700 _aწერეთელი, ემილ
_eავტორი
_910152
700 _a გობეჯიშვილი, რამინ
_eრედაქტორი
_910153
942 _cBK
_2udc